| 000 | 00688nam a2200205 a 4500 | ||
|---|---|---|---|
| 001 | 000506651 | ||
| 003 | AM-YeHGA | ||
| 005 | 20250618072706.0 | ||
| 008 | 061031s1897 ai |||||r|||||||||0|arm|d | ||
| 040 | _aAM-YeHGA | ||
| 041 | 0 | _aarm | |
| 100 | 1 |
_aԱրծրունի, Վահան Մարգարի, _d1857-1947 _92248 |
|
| 245 | 1 | 0 |
_aԺանտախտ / _cԲժշկապետ Վահան Արծրունի. |
| 260 |
_aՎաղարշապատ : _bտպ. Մայր Աթոռոյ Սրբոյ Էջմիածնի, _c1897. |
||
| 300 | _a80 էջ | ||
| 650 | 1 | 4 |
_aԲժշկություն _xՍուր վարակիչ հիվանդություններ |
| 653 | 0 | _aԺանտախտ | |
| 942 |
_2udc _cBK |
||
| 090 | _c189417 | ||
| 999 |
_c187951 _d187951 |
||